Women's modernization and development in 20th century / (Record no. 15229)

MARC details
000 -LEADER
fixed length control field 00998nam a22002657a 4500
005 - DATE AND TIME OF LATEST TRANSACTION
control field 20080901114254.0
008 - FIXED-LENGTH DATA ELEMENTS--GENERAL INFORMATION
fixed length control field 080901t xxu||||| |||| 00| 0 eng d
010 ## - LIBRARY OF CONGRESS CONTROL NUMBER
LC control number ENG-90825
020 ## - INTERNATIONAL STANDARD BOOK NUMBER
International Standard Book Number 9788186772189
Terms of availability 610.00
035 ## - SYSTEM CONTROL NUMBER
System control number EN-74358
037 ## - SOURCE OF ACQUISITION
Source of stock number/acquisition DBAD / PUB
040 ## - CATALOGING SOURCE
Original cataloging agency DPL
Language of cataloging English
082 ## - DEWEY DECIMAL CLASSIFICATION NUMBER
Classification number 305.4
245 ## - TITLE STATEMENT
Title Women's modernization and development in 20th century /
Statement of responsibility, etc edited by Kamlesh Mahajan
260 ## - PUBLICATION, DISTRIBUTION, ETC. (IMPRINT)
Place of publication, distribution, etc New Delhi
Name of publisher, distributor, etc New Academic Publishers
Date of publication, distribution, etc 2006
270 ## - ADDRESS
Address 4760-61, 23, Ansari Road, Daryaganj,
City New Delhi
Postal code 110002
300 ## - PHYSICAL DESCRIPTION
Extent viii, 233p.
Dimensions 23 cm (Hb)
500 ## - GENERAL NOTE
General note Includes index
650 ## - SUBJECT ADDED ENTRY--TOPICAL TERM
Topical term or geographic name as entry element Feminism
Geographic subdivision India
650 ## - SUBJECT ADDED ENTRY--TOPICAL TERM
Topical term or geographic name as entry element Women in development
Chronological subdivision 20th century
Geographic subdivision India
650 ## - SUBJECT ADDED ENTRY--TOPICAL TERM
Topical term or geographic name as entry element Women
General subdivision Social conditions
Geographic subdivision India
700 ## - ADDED ENTRY--PERSONAL NAME
Personal name Mahajan, Kamlesh
942 ## - ADDED ENTRY ELEMENTS (KOHA)
Source of classification or shelving scheme Dewey Decimal Classification
Koha item type English Books
Classification part 305.4
Call number suffix WOM
Holdings
Withdrawn status Lost status Damaged status Not for loan Collection code Home library Current library Date acquired Cost, normal purchase price Total Checkouts Full call number Barcode Date last seen Copy number Cost, replacement price Price effective from Koha item type
      Not For Loan Non-fiction D.B.Act.Division D.B.Act.Division 01/09/2008 610.00   305.4 WOM EN-74358 15/09/2008 1 610.00 15/09/2008 English Books

© Delhi Public Library
Hit Counter
free hit counter